Antología poética / (Record no. 17349)

MARC details
000 -LEADER
campo de control de longitud fija 01042nam a2200289 i 4500
001 - NÚMERO DE CONTROL
campo de control 17349
003 - IDENTIFICADOR DE NÚMERO DE CONTROL
campo de control ES-MaACL
005 - FECHA Y HORA DE LA ÚLTIMA TRANSACCIÓN
campo de control 20240322141819.0
007 - CAMPO FIJO DE DESCRIPCIÓN FÍSICA--INFORMACIÓN GENERAL
campo de control de longitud fija t|
008 - DATOS DE LONGITUD FIJA--INFORMACIÓN GENERAL
campo de control de longitud fija 010212s2000 sp ||||1| spa d
020 ## - NÚMERO INTERNACIONAL ESTÁNDAR DEL LIBRO
Número Internacional Estándar del Libro 84-88015-59-3
080 ## - NÚMERO DE LA CLASIFICACIÓN DECIMAL UNIVERSAL
Número de la Clasificación Decimal Universal 821.134.3-14"19"
100 1# - ENTRADA PRINCIPAL--NOMBRE DE PERSONA
Nombre de persona Sena, Jorge de.
9 (RLIN) 105430
245 10 - MENCIÓN DEL TÍTULO
Título Antología poética /
Mención de responsabilidad, etc. Jorde de Sena ; traducciones y notas preliminares de José Angel Cilleruelo, José Luis Puerto, José Luis García Martín ; prólogo de César Antonio Molina.
250 ## - MENCION DE EDICION
Mención de edición 1ª ed.
260 ## - PUBLICACIÓN, DISTRIBUCIÓN, ETC.
Lugar de publicación, distribución, etc. Madrid :
Nombre del editor, distribuidor, etc. Calambur,
Fecha de publicación, distribución, etc. 2000.
300 ## - DESCRIPCIÓN FÍSICA
Extensión 191 p. ;
Dimensiones 21 cm.
490 1# - MENCIÓN DE SERIE
Mención de serie Los Solitarios y sus amigos ;
Designación de volumen o secuencia 5
500 ## - NOTA GENERAL
Nota general Texto bilingüe en castellano y portugués.
700 1# - ENTRADA AGREGADA--NOMBRE PERSONAL
Nombre de persona Cilleruelo, José Ángel,
Fechas asociadas al nombre 1960-
9 (RLIN) 38828
700 1# - ENTRADA AGREGADA--NOMBRE PERSONAL
Nombre de persona Puerto, José Luis.
9 (RLIN) 94188
700 1# - ENTRADA AGREGADA--NOMBRE PERSONAL
Nombre de persona García Martín, José Luis.
9 (RLIN) 54900
700 1# - ENTRADA AGREGADA--NOMBRE PERSONAL
Nombre de persona Molina, César Antonio.
9 (RLIN) 81883
830 0# - PUNTO DE ACCESO ADICIONAL DE SERIE-TÍTULO UNIFORME
Título uniforme Los Solitarios y sus amigos ;
Designación de volumen o secuencia 5
9 (RLIN) 228706
852 ## - LOCALIZACIÓN
Ubicación ES-MaACL
Número de control de estantería L-24151
Sublocalización o colección R.129221
Holdings
Estatus retirado Estado de pérdida Estado de daño No para préstamo Biblioteca de origen Biblioteca actual Ubicación en estantería Fecha de adquisición Fuente de adquisición Total de préstamos Signatura topográfica completa Código de barras Visto por última vez Precio de reemplazo Tipo de ítem Koha
        Biblioteca del Ateneo de Madrid Biblioteca del Ateneo de Madrid Depósito 2 17/01/2008     L-24151 1017700 23/02/2023 23/02/2023 Libro impreso